[Event "Budapest RWE Gas m"]
[Site "Budapest"]
[Date "2001.01.07"]
[Round "10"]
[White "Leko, Peter"]
[Black "Kramnik, Vladimir"]
[Result "0-1"]
[WhiteElo "2743"]
[BlackElo "2770"]
[PlyCount "266"]
[EventDate "2001.01.02"]
[Source "ChessBase"]
[SourceDate "2001.03.20"]

1. e4 c5 2. Nf3 Nc6 3. d4 cxd4 4. Nxd4 Nf6 5. Nc3 e6 6. Ndb5 Bb4 7. a3 Bxc3+ 8. Nxc3 d5 9. exd5 exd5 10. Bd3 O-O 11. O-O d4 12. Ne4 Bf5 13. Bg5 Bxe4 14. Bxe4 h6 15. Bxf6 Qxf6 16. Re1 Rfe8 17. Qf3 Qxf3 18. Bxf3 Rxe1+ 19. Rxe1 Rc8 20. Kf1 Kf8 21. Be4 b6 22. f4 Ne7 23. Re2 f5 24. Bf3 g5 25. fxg5 hxg5 26. h3 Kf7 27. Ke1 Kf6 28. Rd2 Ke5 29. Kd1 Ng6 30. g3 Rh8 31. Bg2 f4 32. Rd3 fxg3 33. Rxg3 Kf5 34. Kd2 Ne5 35. Bf1 Kf4 36. Rb3 Nf3+ 37. Ke2 g4 38. hxg4 Rh2+ 39. Kd1 Kxg4 40. Ba6 Kf4 41. Bb7 Ne5 42. Kc1 Rf2 43. Rh3 Rf1+ 44. Kd2 Rf2+ 45. Kc1 Kg4 46. Bc8+ Kg5 47. Kb1 Rf1+ 48. Ka2 Rc1 49. Kb3 d3 50. Rh2 Nf3 51. Rg2+ Kf4 52. Kc3 Ne1 53. Rd2 dxc2 54. Ba6 Rd1 55. Rxc2 Nxc2 56. Kxc2 Rd6 57. Kc3 Ke5 58. Bb5 Rd5 59. Ba6 Rc5+ 60. Kb3 Kd4 61. Bb7 Rh5 62. Bc6 Rh3+ 63. Kc2 Kc4 64. Bd7 Rh2+ 65. Kb1 Re2 66. Bg4 Rf2 67. Be6+ Kd3 68. Bb3 b5 69. Bg8 a5 70. Be6 Kd4 71. Bg8 Kc5 72. Be6 b4 73. axb4+ Kxb4 74. Bg8 a4 75. Be6 Kc5 76. Ka2 Kb4 77. Kb1 Re2 78. Bg8 Re5 79. Bf7 Rb5 80. Ka2 Rb7 81. Bd5 Rc7 82. Be6 Re7 83. Bg8 Re2 84. Kb1 Re3 85. Ka2 Re4 86. Bd5 Rd4 87. Bf7 Rd2 88. Kb1 Kc5 89. Be8 Kb4 90. Bf7 Rd7 91. Be6 Rc7 92. Ka2 Rc2 93. Kb1 Rc6 94. Bf7 a3 95. bxa3+ Kxa3 96. Bd5 Rc5 97. Be6 Rc3 98. Bd5 Kb4 99. Kb2 Rd3 100. Be6 Rd2+ 101. Kc1 Kc3 102. Kb1 Rd1+ 103. Ka2 Re1 104. Bg8 Re8 105. Bf7 Ra8+ 106. Kb1 Ra7 107. Be6 Ra5 108. Bf7 Rf5 109. Be6 Rf2 110. Bg8 Rf1+ 111. Ka2 Rh1 112. Bf7 Rg1 113. Be6 Rg3 114. Bf7 Kc2 115. Be6 Rg5 116. Ka3 Kc3 117. Ka4 Rc5 118. Bf7 Rc7 119. Be6 Rc5 120. Bf7 Re5 121. Bg8 Re8 122. B 7 Rb8 123. Ka5 Rb1 124. Ka4 Rb8 125. Ka5 Kd4 126. Ka4 Kc5 127. Ka3 Kd4 128. Ka2 Kc3 129. Be6 Rb6 130. Bf7 Rb7 131. Be6 Rb5 132. Bf7 Rb8 133. Be6 Rb6 0-1

[Event "Linares 75/167"]
[Site "?"]
[Date "1999.??.??"]
[Round "?"]
[White "Kasparov, Garry"]
[Black "Leko, Peter"]
[Result "1/2-1/2"]
[WhiteElo "2812"]
[BlackElo "2694"]
[PlyCount "95"]
[EventDate "1999.??.??"]
[Source "ChessBase"]
[SourceDate "1999.02.01"]

1. e4 c5 2. Nf3 e6 3. Nc3 Nc6 4. d4 cxd4 5. Nxd4 Nf6 6. Nxc6 bxc6 7. e5 Nd5 8. Ne4 Bb7 9. Be2 c5 10. O-O Qc7 11. Nd6+ Bxd6 12. exd6 Qc6 13. f3 c4 14. Qd4 O-O 15. Bxc4 Qxd6 16. Bb3 Qb6 17. Rd1 Rfc8 18. Qxb6 Nxb6 19. a4 d5 20. a5 Nc4 21. a6 Bc6 22. Bxc4 dxc4 23. Be3 Bd5 24. Ra5 Rc6 25. Rda1 f6 26. h4 Kf7 27. Kf2 Rc7 28. Rb5 Rd8 29. Raa5 Ke7 30. Kg3 h5 31. b4 cxb3 32. cxb3 Rg8 33. Rc5 Rd7 34. b4 g5 35. Rc2 g4 36. Kf2 g3+ 37. Ke1 e5 38. Rd2 Rgd8 39. Rc5 Ke6 40. b5 Rb8 41. Rd3 Rbd8 42. Rd2 Rb8 43. Rd3 Rbd8 44. b6 axb6 45. Rb5 Bc4 46. Rxb6+ Kf5 47. Rxd7 Rxd7 48. a7 1/2-1/2

[Event "Hallstahammar Open"]
[Site "?"]
[Date "1998.??.??"]
[Round "?"]
[White "Eckdal, John"]
[Black "Flodin, Lars_Olof"]
[Result "0-1"]
[WhiteElo "2780"]
[BlackElo "2610"]
[PlyCount "80"]
[EventDate "1998.??.??"]
[Source "www.chesslib.no"]
[SourceDate "2004.05.04"]

1. e4 c5 2. Nc3 Nc6 3. Nf3 Nf6 4. d4 cxd4 5. Nxd4 e6 6. Nf3 a6 7. Bg5 Be7 8. h4 Qb6 9. Rb1 Ng4 10. Qd2 Bc5 11. Na4 Bxf2+ 12. Kd1 Qa7 13. Be2 Be3 14. Bxe3 Nxe3+ 15. Kc1 b5 16. Nc3 O-O 17. Rh2 Ng4 18. Rh1 Ne3 19. Bd3 Rd8 20. Re1 Ng4 21. Re2 Bb7 22. g3 Rac8 23. Qf4 Nf6 24. e5 Nh5 25. Qg5 g6 26. Ne4 Nb4 27. Nf6+ Nxf6 28. exf6 Qc5 29. Qxc5 Nxd3+ 30. Kd2 Rxc5 31. b4 Nxb4 32. Ne1 Nxa2 33. Nd3 Rc4 34. Ne5 Nc3 35. h5 Nxb1+ 36. Kc1 Nc3 37. Rh2 g5 38. Ng6 h6 39. Ne7+ Kh7 40. Rf2 Ne4 0-1

[Event "UK-CHN Match"]
[Site "Liverpool ENG"]
[Date "2007.09.07"]
[Round "4"]
[White "Adams, Mi"]
[Black "Zhang Pengxiang"]
[Result "0-1"]
[WhiteElo "2724"]
[BlackElo "2649"]
[PlyCount "88"]
[EventDate "2007.09.04"]
[Source "www.chesslib.no"]
[SourceDate "2004.05.04"]

1. e4 c5 2. Nf3 e6 3. d4 cxd4 4. Nxd4 Nf6 5. Nc3 Nc6 6. Nxc6 bxc6 7. e5 Nd5 8. Ne4 Qc7 9. f4 Qb6 10. c4 Bb4+ 11. Ke2 f5 12. exf6 Nxf6 13. Be3 Qa5 14. Nxf6+ gxf6 15. Kf2 O-O 16. a3 Bc5 17. b4 Bxe3+ 18. Kxe3 Qc7 19. c5 a5 20. Bc4 Ba6 21. Bb3 Kh8 22. Qd2 e5 23. Rhe1 Rad8 24. Rad1 axb4 25. axb4 d5 26. cxd6 Qb6+ 27. Kf3 c5 28. g4 e4+ 29. Kg3 Bd3 30. Bd5 c4 31. Bxe4 Rxd6 32. Qc3 Rfd8 33. Bf3 Rd4 34. b5 Qd6 35. Qc1 h5 36. h3 c3 37. b6 c2 38. Rxd3 Rxd3 39. Qxc2 Qa3 40. Rf1 h4+ 41. Kxh4 Rxf3 42. Rxf3 Qxf3 43. Qc7 Qd3 44. f5 Qd2 0-1

[Event "Cannes"]
[Site "?"]
[Date "2001.03.22"]
[Round "8.5"]
[White "Svidler Peter"]
[Black "Lautier Joel"]
[Result "0-1"]
[WhiteElo "2696"]
[BlackElo "2653"]
[PlyCount "105"]
[EventDate "2001.??.??"]
[Source "www.chesslib.no"]
[SourceDate "2004.05.04"]

1. e4 c5 2. Nf3 e6 3. d4 cxd4 4. Nxd4 Nf6 5. Nc3 Nc6 6. Nxc6 bxc6 7. e5 Nd5 8. Ne4 Qa5+ 9. c3 f5 10. exf6 Nxf6 11. Nd6+ Bxd6 12. Qxd6 Ba6 13. Bxa6 Qxa6 14. b3 Ne4 15. Qd4 d5 16. f3 Nf6 17. c4 O-O 18. O-O Rae8 19. Bf4 Nd7 20. Bd6 Rf6 21. Rfe1 Qb6 22. c5 Qb5 23. f4 a5 24. Re3 Qb4 25. Qxb4 axb4 26. Rd3 e5 27. fxe5 Nxe5 28. Rd4 Nf7 29. Bg3 Re4 30. Rxe4 dxe4 31. Be1 Ne5 32. Bxb4 Nd3 33. Bd2 Rf2 34. Be3 Re2 35. Bd4 Nf4 36. a4 e3 37. g3 Nh3+ 38. Kf1 Rxh2 39. Ra3 e2+ 40. Ke1 Ng5 41. Bf2 Ne4 42. Kxe2 Nxf2 43. a5 Ne4+ 44. Kf3 Nxc5 45. a6 Nxa6 46. Rxa6 Rc2 47. Rb6 Kf7 48. b4 h5 49. b5 cxb5 50. Rxb5 g6 51. Rb7+ Kf6 52. Rb6+ Kg5 53. Ke4 0-1

[Event "PCA/Intel-GP"]
[Site "New York"]
[Date "1994.??.??"]
[Round "1"]
[White "Anand, Viswanathan"]
[Black "Smirin, Ilia"]
[Result "1/2-1/2"]
[WhiteElo "2720"]
[BlackElo "2615"]
[PlyCount "69"]
[EventDate "1994.06.??"]
[Source "ChessBase"]

1. e4 c5 2. Nf3 e6 3. d4 cxd4 4. Nxd4 Nf6 5. Nc3 Nc6 6. Ndb5 Bb4 7. a3 Bxc3+ 8. Nxc3 d5 9. exd5 exd5 10. Bd3 O-O 11. O-O d4 12. Ne2 Qd5 13. Nf4 Qd6 14. Nh5 Nxh5 15. Qxh5 h6 16. Re1 Bd7 17. g3 Rfe8 18. Bf4 Qf6 19. Qd5 Bh3 20. b4 Rad8 21. Bc7 Rc8 22. b5 Be6 23. Qd6 Re7 24. bxc6 Rexc7 25. cxb7 Rxb7 26. Rab1 Rxb1 27. Rxb1 g6 28. Re1 Kg7 29. Re4 Rd8 30. Qc5 Rd7 31. h4 Qf3 32. Qe5+ Qf6 33. Qc5 Qf3 34. Rf4 Qd5 35. Qxd5 1/2-1/2

[Event "Linares ESP"]
[Site "Linares ESP"]
[Date "1992.??.??"]
[Round "?"]
[White "Kasparov, Gary"]
[Black "Illescas Cordoba, Miguel"]
[Result "1-0"]
[WhiteElo "2780"]
[BlackElo "2555"]
[PlyCount "63"]
[EventDate "1992.??.??"]
[Source "www.chesslib.no"]
[SourceDate "2004.05.04"]

1. e4 c5 2. Nf3 e6 3. d4 cxd4 4. Nxd4 Nf6 5. Nc3 Nc6 6. Nxc6 bxc6 7. e5 Nd5 8. Ne4 Qc7 9. f4 Qb6 10. c4 Ne3 11. Qd3 Nf5 12. g4 Nd4 13. Bg2 h5 14. g5 Bb7 15. Be3 Nc2+ 16. Kf2 Nxe3 17. Qxe3 Qxb2+ 18. Kg3 Ba6 19. Rab1 Qc2 20. Rhc1 Qa4 21. Qc3 h4+ 22. Kh3 Ba3 23. Rc2 Be7 24. Rb3 O-O 25. Nf6+ gxf6 26. gxf6 Bc5 27. Be4 Rfd8 28. Kxh4 Kf8 29. Rg2 Qxc4 30. Qxc4 Bxc4 31. Bh7 Bf2+ 32. Kh5 1-0

[Event "PCA/Intel-GP"]
[Site "Paris"]
[Date "1994.??.??"]
[Round "1.4"]
[White "Anand, Viswanathan"]
[Black "Vaisser, Anatoli"]
[Result "0-1"]
[WhiteElo "2720"]
[BlackElo "2575"]
[PlyCount "60"]
[EventDate "1994.11.??"]
[Source "ChessBase"]

1. e4 c5 2. Nf3 e6 3. d4 cxd4 4. Nxd4 Nf6 5. Nc3 Nc6 6. g3 Qb6 7. Nxc6 bxc6 8. e5 Nd5 9. Ne4 Qb4+ 10. Nd2 Qd4 11. Qe2 Rb8 12. Nb3 Rxb3 13. axb3 Bb4+ 14. Bd2 Bxd2+ 15. Qxd2 Qe4+ 16. Qe2 Qxh1 17. h3 f5 18. Ra4 Nb6 19. Rxa7 O-O 20. c4 c5 21. Qe3 Bb7 22. Ke2 Qc6 23. Ra5 Rc8 24. Kd2 d6 25. exd6 Qxd6+ 26. Bd3 Be4 27. Kc3 Bxd3 28. Qxd3 Qe7 29. Ra6 Qb7 30. Ra5 Nd5+ 0-1

[Event "zt3.3, HeiBei CHN"]
[Site "?"]
[Date "2001.??.??"]
[Round "4"]
[White "Peng Xiaomin"]
[Black "Zhang Zhong"]
[Result "1-0"]
[WhiteElo "2645"]
[BlackElo "2630"]
[PlyCount "77"]
[EventDate "2001.??.??"]
[Source "www.chesslib.no"]
[SourceDate "2004.05.04"]

1. e4 c5 2. Nf3 e6 3. d4 cxd4 4. Nxd4 Nf6 5. Nc3 Nc6 6. Nxc6 bxc6 7. e5 Nd5 8. Ne4 Bb7 9. c4 Nb4 10. c5 Ba6 11. Bxa6 Nxa6 12. Qd4 Be7 13. O-O Rb8 14. Bd2 O-O 15. Rad1 Nc7 16. Ba5 Qc8 17. Nf6+ Bxf6 18. exf6 Nd5 19. fxg7 Re8 20. Rd3 f6 21. Qh4 Re7 22. Bc3 e5 23. f4 exf4 24. Bxf6 Nxf6 25. Qxf6 Rf7 26. Qd4 a5 27. a3 Qb7 28. Rd2 Qb5 29. Rdf2 Re8 30. b4 axb4 31. axb4 Rxg7 32. Qxf4 Qb8 33. Qd4 h6 34. Rf6 Qb5 35. Rxh6 Qe2 36. g3 Re4 37. Qf6 Qe3+ 38. Kg2 Re8 39. Rh4 1-0

[Event "France"]
[Site "?"]
[Date "2000.??.??"]
[Round "?"]
[White "Adams, M."]
[Black "Conquest, S."]
[Result "1-0"]
[WhiteElo "2715"]
[BlackElo "2560"]
[PlyCount "81"]
[EventDate "2000.??.??"]
[Source "Chess Informant"]
[SourceDate "2000.02.01"]

1. e4 c5 2. Nf3 e6 3. d4 cxd4 4. Nxd4 Nc6 5. Nc3 Nf6 6. Nxc6 bxc6 7. e5 Nd5 8. Ne4 Qa5+ 9. c3 Ba6 10. Bd3 Bxd3 11. Qxd3 f5 12. exf6 Nxf6 13. Nxf6+ gxf6 14. O-O Qd5 15. Qh3 h5 16. Re1 Bc5 17. b3 O-O-O 18. c4 Qd6 19. Be3 h4 20. b4 Bxe3 21. Qxe3 h3 22. g3 Qc7 23. c5 Rh5 24. Qf3 Rf5 25. Qg4 Rh8 26. Rad1 Rg5 27. Qf3 Rf5 28. Qc3 Qb7 29. Rd6 Rh7 30. a4 a6 31. Rd4 Qc7 32. Qd3 a5 33. Qa6+ Qb7 34. Qxa5 Rh8 35. Rd6 Rd5 36. Rxd5 cxd5 37. Qb5 Qxb5 38. axb5 Kb7 39. Ra1 d4 40. Ra6 Kc7 41. Ra7+ 1-0

[Event "Tilburg"]
[Site "Tilburg"]
[Date "1981.??.??"]
[Round "?"]
[White "Spassky, Boris V"]
[Black "Huebner, Robert"]
[Result "1/2-1/2"]
[WhiteElo "2630"]
[BlackElo "2640"]
[PlyCount "46"]
[EventDate "1981.10.??"]
[Source "ChessBase"]

1. e4 c5 2. Nf3 e6 3. d4 cxd4 4. Nxd4 Nf6 5. Nc3 Nc6 6. Be3 Bb4 7. Nxc6 bxc6 8. e5 Nd5 9. Bd2 Qc7 10. f4 Qb6 11. Qf3 O-O 12. a3 Bxc3 13. bxc3 Ba6 14. Bxa6 Qxa6 15. Qd3 Qa4 16. O-O f5 17. c4 Nb6 18. c5 Nc4 19. Bc3 Rfb8 20. Qxd7 Re8 21. Rab1 Rad8 22. Qc7 Rc8 23. Qd7 Rcd8 1/2-1/2

[Event "Russia (ch) 88/143"]
[Site "?"]
[Date "2003.??.??"]
[Round "?"]
[White "Malakhov, V."]
[Black "Yakovich, Y."]
[Result "1/2-1/2"]
[WhiteElo "2696"]
[BlackElo "2573"]
[PlyCount "105"]
[EventDate "2003.??.??"]
[Source "Chess Informant"]
[SourceDate "2003.06.01"]

1. e4 c5 2. Nf3 e6 3. d4 cxd4 4. Nxd4 Nf6 5. Nc3 Nc6 6. Nxc6 bxc6 7. e5 Nd5 8. Ne4 Bb7 9. Be2 c5 10. O-O Qc7 11. Nd6+ Bxd6 12. exd6 Qc6 13. f3 c4 14. Qd4 O-O 15. Bxc4 Rfc8 16. Bxd5 Qxd5 17. Qxd5 Bxd5 18. Rf2 Rc6 19. Bf4 Rac8 20. Rc1 f6 21. b3 Rc3 22. Bg3 a5 23. Re2 a4 24. Be1 R3c6 25. c4 Rxd6 26. Rec2 axb3 27. axb3 Bb7 28. b4 Rd3 29. Rb2 Rd4 30. Rbc2 Rd3 31. Rb2 Rd4 32. c5 d6 33. Bf2 Rd5 34. h3 dxc5 35. Bxc5 h5 36. Ra2 Rcd8 37. b5 Rd1+ 38. Rxd1 Rxd1+ 39. Kf2 Rb1 40. b6 Bd5 41. Rc2 Kf7 42. Bd4 Rb4 43. Rc7+ Kg6 44. Ke3 e5 45. Bc5 Rb3+ 46. Kf2 Rb2+ 47. Kg1 Rb1+ 48. Kh2 Rb2 49. Bf8 Bxf3 50. Rxg7+ Kf5 51. Ba3 Ra2 52. Bb4 Rb2 53. Ba3 1/2-1/2

[Event "Wch junior"]
[Site "?"]
[Date "1981.??.??"]
[Round "?"]
[White "Short, Nigel D"]
[Black "Morovic Fernandez, Ivan E"]
[Result "1/2-1/2"]
[WhiteElo "2665"]
[BlackElo "2600"]
[PlyCount "81"]
[EventDate "1981.??.??"]
[Source "www.chesslib.no"]
[SourceDate "2004.05.04"]

1. e4 c5 2. Nf3 e6 3. d4 cxd4 4. Nxd4 Nc6 5. Nc3 Nf6 6. Nxc6 bxc6 7. e5 Nd5 8. Ne4 Qc7 9. f4 Qb6 10. Bd3 Be7 11. Qe2 O-O 12. c4 f5 13. cxd5 fxe4 14. Qxe4 Qb4+ 15. Qxb4 Bxb4+ 16. Bd2 Bxd2+ 17. Kxd2 Rxf4 18. dxc6 dxc6 19. Ke3 Ra4 20. Rhc1 Bd7 21. Bc4 Rf8 22. Kd4 Rf4+ 23. Kc5 Kf8 24. b4 Ke7 25. g3 Rf2 26. Bb3 Ra3 27. b5 cxb5 28. Kb4 Ra6 29. Rc7 Kd8 30. Rac1 Re2 31. R1c5 Rxh2 32. Rb7 Re2 33. Rb8+ Ke7 34. Rb7 Kd8 35. Rb8+ Ke7 36. Rb7 Raxa2 37. Bxa2 Rxa2 38. Rcc7 Rd2 39. Rxa7 h5 40. Ra8 Rd5 41. Rg8 1/2-1/2

[Event "Manila (ol)"]
[Site "?"]
[Date "1992.??.??"]
[Round "?"]
[White "Ye, Jiangchuan"]
[Black "Ivanchuk, V."]
[Result "0-1"]
[WhiteElo "2545"]
[BlackElo "2720"]
[PlyCount "64"]
[EventDate "1992.??.??"]
[Source "ChessBase"]
[SourceDate "1992.06.01"]

1. e4 c5 2. Nf3 e6 3. d4 cxd4 4. Nxd4 Nf6 5. Nc3 Nc6 6. Nxc6 bxc6 7. e5 Nd5 8. Ne4 Qc7 9. f4 Qa5+ 10. c3 Be7 11. Bd3 Qb6 12. c4 f5 13. exf6 Nxf6 14. Qc2 Nxe4 15. Bxe4 Ba6 16. Bd2 Bf6 17. Rb1 d5 18. Bxh7 O-O-O 19. b3 Qd4 20. Bd3 dxc4 21. Bxc4 Bxc4 22. bxc4 Bh4+ 23. Kd1 Qxf4 24. Kc1 Rxd2 25. Qxd2 Qxc4+ 26. Qc2 Qf4+ 27. Qd2 Qe5 28. Qd3 Qc5+ 29. Qc2 Bg5+ 30. Kb2 Bf6+ 31. Kc1 Qe3+ 32. Qd2 Qa3+ 0-1

[Event "Bundesliga 2004-5"]
[Site "Porz"]
[Date "2004.12.11"]
[Round "5"]
[White "Nielsen, Peter Heine"]
[Black "Khenkin, Igor"]
[Result "0-1"]
[WhiteElo "2663"]
[BlackElo "2587"]
[PlyCount "102"]
[EventDate "2004.11.14"]
[Source "Roberto Alvarez"]
[SourceDate "2004.12.13"]

1. e4 c5 2. Nf3 e6 3. d4 cxd4 4. Nxd4 Nf6 5. Nc3 Nc6 6. Ndb5 Bb4 7. a3 Bxc3+ 8. Nxc3 d5 9. Bd3 dxe4 10. Nxe4 Nxe4 11. Bxe4 Qxd1+ 12. Kxd1 Bd7 13. b3 f5 14. Bd3 Ne5 15. Be2 Bc6 16. f3 Ng6 17. Ke1 e5 18. Kf2 O-O-O 19. Be3 b6 20. Rad1 Kc7 21. Rhe1 Rxd1 22. Rxd1 Re8 23. Bc1 Nf8 24. Bb2 Nd7 25. b4 g6 26. c4 a5 27. bxa5 bxa5 28. Bc3 a4 29. Ba5+ Kb7 30. Rb1+ Ka7 31. Bc7 e4 32. Bd6 exf3 33. gxf3 g5 34. c5 f4 35. Rd1 Kb7 36. Bc4 Re3 37. Rd3 Ne5 38. Bxe5 Rxe5 39. Rd4 Rxc5 40. Bd3 Rc3 41. Be4 Bxe4 42. fxe4 Rxa3 43. e5 Ra2+ 44. Kf3 a3 45. e6 Rxh2 46. Re4 a2 47. Re1 Rh3+ 48. Kg2 Rg3+ 49. Kh2 a1=Q 50. Rxa1 Re3 51. Rd1 Kc6 0-1

[Event "Dortmund"]
[Site "Dortmund"]
[Date "2003.08.03"]
[Round "4"]
[White "Naiditsch, Arkadij"]
[Black "Radjabov, Teimour"]
[Result "1-0"]
[WhiteElo "2574"]
[BlackElo "2648"]
[PlyCount "95"]
[EventDate "2003.07.31"]
[Source "ChessBase"]
[SourceDate "2003.11.11"]

1. e4 c5 2. Nf3 e6 3. d4 cxd4 4. Nxd4 Nf6 5. Nc3 Nc6 6. Nxc6 bxc6 7. e5 Nd5 8. Ne4 Qc7 9. f4 Rb8 10. Bd3 Qb6 11. a3 Be7 12. Qe2 f5 13. Nf2 Bc5 14. Nd1 d6 15. c4 dxe5 16. cxd5 e4 17. Bc2 exd5 18. b4 Bd4 19. Bb2 a5 20. Qd2 Bxb2 21. Nxb2 axb4 22. Na4 e3 23. Qd3 Qa7 24. Rb1 O-O 25. axb4 Ba6 26. Qc3 Bc4 27. Nc5 Rb5 28. Bd3 Rxc5 29. bxc5 Bxd3 30. Qxd3 Qa5+ 31. Kd1 Qa4+ 32. Kc1 Re8 33. Re1 Qxf4 34. g3 Qe5 35. Rb2 g5 36. Kb1 d4 37. Rb7 Kh8 38. g4 Rb8 39. Rxb8+ Qxb8+ 40. Kc2 Qb4 41. Rb1 Qxc5+ 42. Kd1 Qd5 43. Qxf5 Qh1+ 44. Ke2 Qxh2+ 45. Kd3 Qd2+ 46. Ke4 Qc2+ 47. Kxd4 Qd2+ 48. Ke4 1-0

[Event "3rd ACT"]
[Site "Amsterdam NED"]
[Date "2006.07.18"]
[Round "4"]
[White "Tiviakov, S."]
[Black "Halkias, S."]
[Result "1-0"]
[WhiteElo "2668"]
[BlackElo "2551"]
[PlyCount "240"]
[EventDate "2006.07.15"]
[Source "www.chesslib.no"]
[SourceDate "2004.05.04"]

1. e4 c5 2. Nc3 e6 3. Nf3 Nc6 4. d4 cxd4 5. Nxd4 Nf6 6. Ndb5 Bb4 7. a3 Bxc3+ 8. Nxc3 d5 9. exd5 exd5 10. Bd3 O-O 11. O-O d4 12. Ne2 Bg4 13. Bg5 Re8 14. Re1 Qd6 15. Qd2 Bxe2 16. Bf4 Qd5 17. Bxe2 Ne4 18. Qd3 Nc5 19. Qc4 Qf5 20. Bg3 h6 21. b4 Ne6 22. Bd3 Qf6 23. Re4 Ng5 24. Rf4 Qe7 25. h4 Ne5 26. Qxd4 Rad8 27. Qxa7 Ne6 28. Rf5 Nxd3 29. cxd3 Nd4 30. Re5 Qd7 31. Rxe8+ Rxe8 32. Kh2 g5 33. Qb6 gxh4 34. Bxh4 Nf5 35. Bg3 Nxg3 36. fxg3 Re6 37. Qf2 Qxd3 38. Rc1 Qg6 39. Rc8+ Kh7 40. Rc5 b6 41. Rf5 Kg8 42. Qf3 Re3 43. Qxe3 Qxf5 44. Qxh6 b5 45. Qh3 Qd3 46. Qg4+ Kf8 47. Qh5 Kg8 48. Kh3 Qf1 49. Qf3 Qh1+ 50. Kg4 Qe1 51. Qf5 Qd1+ 52. Kh4 Qh1+ 53. Qh3 Qc1 54. Qg4+ Kf8 55. Qf3 Qh1+ 56. Kg4 Qe1 57. Kf4 Qc1+ 58. Ke5 Qd2 59. g4 Qd7 60. Qf5 Qc6 61. g5 Qxg2 62. Kd6 Qg3+ 63. Qe5 Qd3+ 64. Kc6 Qxa3 65. Qd6+ Kg8 66. Kxb5 Qe3 67. Qd5 Qe2+ 68. Kb6 Qe3+ 69. Qc5 Qf4 70. Ka7 Kh7 71. b5 Qa4+ 72. Kb7 Qe4+ 73. Kc7 Qf4+ 74. Kd7 Qg4+ 75. Kd8 Qf4 76. b6 Qb8+ 77. Ke7 Kg8 78. Qc7 Qf8+ 79. Kd7 Qb4 80. Qd8+ Kh7 81. Qf6 Kg8 82. g6 Qg4+ 83. Kc7 Qg3+ 84. Qd6 Qc3+ 85. Kb8 Qb3 86. b7 fxg6 87. Kc8 Qc4+ 88. Kd8 Qh4+ 89. Kd7 Qa4+ 90. Kc7 Qc4+ 91. Kb6 Qb3+ 92. Kc6 Qc4+ 93. Qc5 Qe6+ 94. Kc7 Qf7+ 95. Kb6 Qe6+ 96. Qc6 Qe3+ 97. Kc7 Qe5+ 98. Qd6 Qa5+ 99. Kc8 Qc3+ 100. Kd7 Qg7+ 101. Kc6 Qc3+ 102. Qc5 Qf6+ 103. Kb5 Qb2+ 104. Ka6 Qa2+ 105. Kb6 Qb3+ 106. Kc6 Qe6+ 107. Qd6 Qc4+ 108. Kb6 Qb3+ 109. Kc7 Qc4+ 110. Qc6 Qf4+ 111. Kc8 Qf5+ 112. Qd7 Qc5+ 113. Kd8 Qg5+ 114. Qe7 Qa5+ 115. Kc8 Qc3+ 116. Qc7 Qh3+ 117. Qd7 Qc3+ 118. Kb8 Qe5+ 119. Q 7 Qb5 120. Qc8+ Kh7 1-0

[Event "Politiken Cup"]
[Site "Helsingor DAN"]
[Date "2008.07.22"]
[Round "5"]
[White "Savchenko, B."]
[Black "Krasenkow, M."]
[Result "1-0"]
[WhiteElo "2578"]
[BlackElo "2639"]
[PlyCount "73"]
[EventDate "2008.07.19"]
[Source "www.chesslib.no"]
[SourceDate "2004.05.04"]

1. e4 c5 2. Nf3 e6 3. d4 cxd4 4. Nxd4 Nf6 5. Nc3 Nc6 6. Nxc6 bxc6 7. e5 Nd5 8. Ne4 Qc7 9. f4 Qb6 10. c4 Ne3 11. Qd3 Bb4+ 12. Bd2 O-O 13. Rc1 a5 14. Bxb4 Qxb4+ 15. Rc3 Nf5 16. g4 Nh4 17. Ng5 Ng6 18. h4 Rd8 19. h5 Nf8 20. h6 g6 21. Ne4 Qxb2 22. Be2 Rb8 23. Kf2 d5 24. exd6 c5 25. Qg3 f5 26. Nf6+ Kf7 27. Rd1 Rb6 28. gxf5 exf5 29. Qe3 Be6 30. Qe5 Rb7 31. d7 Nxd7 32. Nxd7 Rbxd7 33. Qg7+ Ke8 34. Qh8+ Ke7 35. Qxh7+ Bf7 36. Rxd7+ Rxd7 37. Qg7 1-0

[Event "Aeroflot Open"]
[Site "Moscow RUS"]
[Date "2008.02.20"]
[Round "7"]
[White "Sutovsky, E."]
[Black "Parligras, M."]
[Result "1-0"]
[WhiteElo "2642"]
[BlackElo "2574"]
[PlyCount "117"]
[EventDate "2008.02.14"]
[Source "www.chesslib.no"]
[SourceDate "2004.05.04"]

1. e4 c5 2. Nf3 e6 3. d4 cxd4 4. Nxd4 Nf6 5. Nc3 Nc6 6. Nxc6 bxc6 7. e5 Nd5 8. Ne4 Bb7 9. c4 Nb4 10. c5 Qb8 11. Bf4 Ba6 12. Bxa6 Nxa6 13. O-O Nb4 14. Nc3 Bxc5 15. Qg4 Kf8 16. Ne4 h5 17. Qd1 Be7 18. Qxd7 Nd5 19. Bg5 Qxe5 20. Bxe7+ Nxe7 21. Rfe1 Qb8 22. Rad1 h4 23. Ng5 Rh6 24. Re3 Qe8 25. Rf3 Qxd7 26. Rxd7 Ke8 27. Rb7 Rf6 28. Rd3 Rd8 29. Rxd8+ Kxd8 30. Rxa7 Rf5 31. Ne4 Rf4 32. Ra8+ Kc7 33. f3 h3 34. Ra7+ Kd8 35. Ra8+ Kc7 36. Ra7+ Kd8 37. a4 hxg2 38. Kxg2 Rf5 39. Ra8+ Kc7 40. Ra7+ Kd8 41. b4 Rd5 42. Nc5 Rd2+ 43. Kg3 Ke8 44. a5 Nd5 45. Rb7 g5 46. Ne4 Ra2 47. Nxg5 Ra4 48. Nxf7 Nxb4 49. h4 Nd5 50. h5 Rxa5 51. h6 Ne7 52. Nd6+ Kd8 53. Nf7+ Ke8 54. h7 Ng6 55. Nd6+ Kd8 56. Nf7+ Ke8 57. Nd6+ Kd8 58. Kg4 Rd5 59. Rg7 1-0

[Event "Elista (ol) 73/220"]
[Site "?"]
[Date "1998.??.??"]
[Round "?"]
[White "Smirin, Ilia"]
[Black "Filippov, Valerij"]
[Result "1-0"]
[WhiteElo "2615"]
[BlackElo "2595"]
[PlyCount "111"]
[EventDate "1998.??.??"]
[Source "ChessBase"]
[SourceDate "1998.06.01"]

1. e4 c5 2. Nf3 e6 3. d4 cxd4 4. Nxd4 Nf6 5. Nc3 Nc6 6. Nxc6 bxc6 7. e5 Nd5 8. Ne4 Qc7 9. f4 Qa5+ 10. Bd2 Qb6 11. Bd3 Be7 12. Qe2 Bb7 13. a3 f5 14. exf6 Nxf6 15. O-O-O O-O 16. c4 c5 17. Ng5 h6 18. Bc3 Qc6 19. Nf3 Bd6 20. Ne5 Qxg2 21. Rhg1 Qxe2 22. Bxe2 Ne4 23. Rxd6 Nxd6 24. Nxd7 Rf7 25. Nxc5 Rc8 26. Nxe6 Re8 27. Bg4 g6 28. Nc5 Kh7 29. Nd7 Ne4 30. f5 gxf5 31. Bh5 Rg8 32. Rxg8 Kxg8 33. Bxf7+ Kxf7 34. Bd4 Ke6 35. Nc5+ Nxc5 36. Bxc5 a6 37. Be3 Ke5 38. Bxh6 Kd4 39. Kd2 Kxc4 40. Ke3 Kd5 41. h4 Bc6 42. Bg7 a5 43. h5 Ke6 44. Bc3 Kf7 45. Bxa5 Kg7 46. Kd4 Be8 47. b4 Bxh5 48. b5 Kf6 49. Kc5 Ke6 50. Kc6 Ke5 51. Be1 Kd4 52. a4 Kc4 53. b6 f4 54. b7 Bf3+ 55. Kb6 Bxb7 56. Kxb7 1-0

[Event "Hastings 8788"]
[Site "Hastings ENG"]
[Date "1987.??.??"]
[Round "11"]
[White "Short, Nigel D"]
[Black "Chandler, Murray G"]
[Result "1/2-1/2"]
[WhiteElo "2615"]
[BlackElo "2595"]
[PlyCount "39"]
[EventDate "1987.12.??"]
[Source "www.chesslib.no"]
[SourceDate "2004.05.04"]

1. e4 c5 2. Nf3 Nc6 3. d4 cxd4 4. Nxd4 Nf6 5. Nc3 e6 6. Ndb5 Bb4 7. a3 Bxc3+ 8. Nxc3 d5 9. exd5 exd5 10. Bd3 O-O 11. O-O d4 12. Ne2 Bg4 13. Re1 Re8 14. Bg5 Qd6 15. f3 Bh5 16. Nf4 h6 17. Nxh5 hxg5 18. Nxf6+ Qxf6 19. Qd2 Ne5 20. Re4 1/2-1/2

[Event "Manila ol (Men)"]
[Site "Manila PHI"]
[Date "1992.??.??"]
[Round "?"]
[White "Psakhis, Lev B"]
[Black "Andersson, Ulf"]
[Result "1/2-1/2"]
[WhiteElo "2605"]
[BlackElo "2605"]
[PlyCount "81"]
[EventDate "1992.06.??"]
[Source "www.chesslib.no"]
[SourceDate "2004.05.04"]

1. e4 c5 2. Nf3 Nc6 3. d4 cxd4 4. Nxd4 Nf6 5. Nc3 e6 6. Ndb5 Bb4 7. a3 Bxc3+ 8. Nxc3 d5 9. exd5 Nxd5 10. Bd2 Nxc3 11. Bxc3 Qxd1+ 12. Rxd1 f6 13. f4 Bd7 14. Bc4 O-O-O 15. O-O Rhe8 16. b4 Ne7 17. b5 Nd5 18. Bd2 Nb6 19. Bd3 Na4 20. Rb1 Nc5 21. Bc4 b6 22. Bb4 e5 23. Bxc5 bxc5 24. fxe5 Rxe5 25. b6 axb6 26. Rxb6 Kc7 27. Ra6 Rb8 28. Ra7+ Rb7 29. Rxb7+ Kxb7 30. Bd3 h6 31. Kf2 Bc6 32. Rb1+ Kc7 33. g3 g5 34. Re1 Rxe1 35. Kxe1 Bd7 36. Kd2 f5 37. Ke3 Kb6 38. c3 Ka5 39. Bc2 Be6 40. a4 Bd7 41. h4 1/2-1/2

[Event "It (open)"]
[Site "Biel (Switzerland)"]
[Date "2007.08.03"]
[Round "11"]
[White "Socko Bartosz (POL)"]
[Black "Pavlovic Milos (SCG)"]
[Result "1-0"]
[WhiteElo "2660"]
[BlackElo "2541"]
[PlyCount "61"]
[EventDate "2007.??.??"]
[Source "www.chesslib.no"]
[SourceDate "2004.05.04"]

1. e4 c5 2. Nf3 e6 3. d4 cxd4 4. Nxd4 Nf6 5. Nc3 Nc6 6. Nxc6 bxc6 7. e5 Nd5 8. Ne4 Qc7 9. f4 Qb6 10. c4 Ne3 11. Qd3 Nf5 12. g4 Nd4 13. b3 Bb7 14. Bg2 h5 15. Bb2 c5 16. h3 hxg4 17. hxg4 Rxh1+ 18. Bxh1 a5 19. Bc3 a4 20. b4 Nc2+ 21. Qxc2 cxb4 22. c5 Bxc5 23. Bd2 Be7 24. Nd6+ Bxd6 25. Bxb7 Qxb7 26. exd6 Qh1+ 27. Ke2 Qg2+ 28. Ke3 Qg3+ 29. Kd4 e5+ 30. fxe5 Qf2+ 31. Kd3 1-0